000 nam a22 7a 4500
999 _c10352
_d10352
008 180215b ||||| |||| 00| 0 eng d
100 _aBhanot, D P
_96312
245 _aLearnwell Communication English - IV
260 _aNew Delhi
_bHoly faith Publication
_c2013